| 000 | 00501nam a22001697a 4500 | ||
|---|---|---|---|
| 003 | DO-SdBNP | ||
| 005 | 20171205090656.0 | ||
| 008 | 171121b 1972 ||||| |||| 00| 0 spa d | ||
| 040 |
_aBPMSU _bspa _cBPMSU |
||
| 092 |
_axxxx _bxxxx |
||
| 245 | 0 | 0 | _aManual sobre china. |
| 260 |
_aTaiwan, República de China : _bCompañia de Publicaciones China, _c1972. |
||
| 300 |
_a100 p. ; _c18 cm. |
||
| 942 |
_2ddc _cBK |
||
| 945 | _ainventariado extranjero / DG | ||
| 956 |
_aLOPEREZ _b10 _c20171121 _h0041 _iBPMSU |
||
| 999 |
_c12970 _d12970 |
||